| 000 | 00939nam a22002537a 4500 | ||
|---|---|---|---|
| 003 | OSt | ||
| 005 | 20230125165139.0 | ||
| 008 | 160111b xxu||||| |||| 00| 0 eng d | ||
| 020 | _a0939982 06 4 | ||
| 040 | _cLado V | ||
| 082 |
_a779.942.092 _bH477s |
||
| 100 |
_aHellmuth, Suzanne _9626 _eautora |
||
| 245 |
_aSuzanne Hellmuth and Jock Reynolds/ _bPhotographs and Documents 1975 - 1985/ |
||
| 260 |
_aCalifornia _bUniversity of California _c1986 |
||
| 300 |
_a44p. _bil. (col.) _c28x22cm. |
||
| 500 | _aNotas en español, inglés y alemán | ||
| 600 |
_aEmde, Thomas, 1959 -- _xExhibiciones _94352 |
||
| 650 |
_aFOTOGRAFIA _2Tesauro de Arte & Arquitectura |
||
| 650 |
_aARTE _2Tesauro de Arte & Arquitectura |
||
| 650 |
_aFIGURAS HUMANAS _2Tesauro de Arte & Arquitectura |
||
| 650 |
_aRECUERDOS _2Tesauro de Arte & Arquitectura |
||
| 700 |
_aReynolds, Jock _eautor |
||
| 942 |
_2ddc _c1 _n0 _h779.942.092 _iH477s |
||
| 999 |
_c2895 _d2895 |
||